365 Ways To Bring Change In Your Life / (Record no. 401)

000 -LEADER
fixed length control field 00462nam a2200157Ia 4500
008 - FIXED-LENGTH DATA ELEMENTS--GENERAL INFORMATION
fixed length control field 190805s9999||||xx |||||||||||||| ||und||
020 ## - INTERNATIONAL STANDARD BOOK NUMBER
International Standard Book Number 9788122316490
Terms of availability Rs. 220.00
082 04 - DEWEY DECIMAL CLASSIFICATION NUMBER
Classification number 155.25
Item number V4267
100 1# - MAIN ENTRY--PERSONAL NAME
Personal name Varghese, P. A.
245 10 - TITLE STATEMENT
Title 365 Ways To Bring Change In Your Life /
260 ## - PUBLICATION, DISTRIBUTION, ETC. (IMPRINT)
Place of publication, distribution, etc New Delhi :
Name of publisher, distributor, etc Pustak Mahal,
Date of publication, distribution, etc 2018
300 ## - PHYSICAL DESCRIPTION
Extent 212 p.
Other physical details :
Dimensions ; 24 cm.
650 #0 - SUBJECT ADDED ENTRY--TOPICAL TERM
Topical term or geographic name as entry element Personality development
852 ## - LOCATION/CALL NUMBER
Location
942 ## - ADDED ENTRY ELEMENTS (KOHA)
Item type Books
Holdings
Withdrawn status Lost status Damaged status Not for loan Collection code Date acquired Date last seen Koha item type Permanent location Current location Shelving location Source of acquisition Cost, normal purchase price Total Checkouts Total Renewals Full call number Barcode Date last borrowed Public note
        Non-fiction 2019-08-05 2019-08-05 Books                      
        Non-fiction 2019-06-21 2025-04-30 Books IMU Kochi Library IMU Kochi Library Fiction & General Prashant Book Agency 220.00 10 1 155.25 V4267 BK005580 2025-03-26 Shelf-18, Row-1


Copyright © All Rights Reserved by Indian Maritime University, Kochi Campus.
For any Suggestions/Query Contact to library or Email: library.kochi@imu.ac.in Ph:(0484)-2989402
(Web OPAC Designed by Rudra Ranjan. Maintained by IMU Kochi Library)

Powered by Koha